000 00683nam a2200205 4500
001 85626
003 BD-RjUL
005 20250903105754.0
008 250903s1963 ii ||||| |||| 00| 0 urd d
035 _a(BD-RjUL)85626
040 _aBD-RjUL
_beng
_cBD-RjUL
041 _aurd
082 _223
_a891.439
_bHUJ 1963
100 _a ‏حسين، سيّد احتشام، ;;; Hussain, Syed Ehtsham,
_916745
245 1 0 _aذوق ادب اور شعور / Z̲auq-i adab aur shuʻūr /
_c سىّد احتشام حس, / Sayyid Iḥtishām Ḥusain,
260 _aLucknow:
_bIdārah-yi Farog̲h̲-i Urdū,
_c1963
300 _a256 p. ;
_c17 cm
650 _aLiterature
942 _2ddc
_cBK
999 _c85626
_d85626